El infamador
Tallennettuna:
| Päätekijä: | |
|---|---|
| Aineistotyyppi: | Kirja |
| Kieli: | espanja |
| Julkaistu: |
Madrid
Espasa-Calpe
1941
|
| Sarja: | Clásicos Castellanos, 60
|
| Aiheet: | |
| Tagit: |
Lisää tagi
Ei tageja, Lisää ensimmäinen tagi!
|
MARC
| LEADER | 00000nam a2200000 a 4500 | ||
|---|---|---|---|
| 001 | UCX5028 | ||
| 003 | CL-VaPUC | ||
| 008 | 920826e19410000SP |||||||||||||||||spa|d | ||
| 082 | 0 | 4 | |a 862 |b CUE |2 21 |
| 100 | 0 | |a Cueva, Juan de la |e author |9 321335 | |
| 245 | 1 | 3 | |a El infamador |
| 246 | 1 | 4 | |a Los siete infantes de Lara |
| 246 | 1 | 3 | |a El ejemplar poético |
| 300 | |a 169 p | ||
| 942 | |c BK | ||
| 945 | |d 19920826 00:00:00 | ||
| 260 | |a Madrid |b Espasa-Calpe |c 1941 | ||
| 650 | 0 | |a Dramas españoles |9 267081 | |
| 650 | 0 | |a Poesías españolas |9 265100 | |
| 583 | |a last modification |c 19920826 00:00:00 |k Rodrigo Vera | ||
| 490 | 0 | |a Clásicos Castellanos, 60 | |
| 999 | |c 225386 |d 225384 | ||
| 952 | |0 0 |1 0 |4 0 |6 862_000000000000000_CUE_1941 |7 0 |8 A |9 222864 |a FDOPOS |b FDOPOS |d 2019-11-15 |i 2916223 |o 862 CUE 1941 |p 2916223 |r 2025-01-22 |w 2019-11-15 |y BK |k MLH | ||